000 00451cam a22001337a 4500
008 180718b1979 xxu||||| |||| 00| 0 eng d
082 _aG3x54 H222
100 _aHardwari Lal
245 _aMyth and law of parliamentary privileges
_cby Hardwari Lal
260 _aNew Delhi
_bAllied
_c1979
300 _a274p.
650 _aLegislative bodies --Great Britain --Privileges and immunities
650 _aLegislative bodies --India --Privileges and immunities
999 _c345537
_d345537